[Event "San Francisco TNM Fall op"]
[Site "San Francisco"]
[Date "2017.11.28"]
[Round "6"]
[White "Cunningham, Charles"]
[Black "Greene, Sam"]
[Result "1-0"]
[WhiteElo "1381"]
[BlackElo "1625"]
[PlyCount "67"]
[EventDate "2017.10.24"]
[EventType "swiss"]
[EventRounds "9"]
[EventCountry "USA"]
[SourceTitle "EXT 2023"]
[Source "ChessBase"]
[SourceDate "2022.10.05"]
[SourceVersion "1"]
[SourceVersionDate "2022.10.05"]
[SourceQuality "1"]

1. e4 c5 2. Nf3 d6 3. h3 Nc6 4. Bc4 e6 5. 0-0 Nf6 6. Nc3 a6 7. a3 b5 8. Ba2 Be7 9. d4 cxd4 10. Nxd4 Qc7 11. Nf3 0-0 12. Bf4 Rd8 13. Qe2 Bb7 14. Rad1 Rac8 15. e5 dxe5 16. Nxe5 Nxe5 17. Bxe5 Qc6 18. f3 Qb6+ 19. Kh1 Nd7 20. Bg3 Bxa3 21. Nxb5 Qxb5 22. Qxb5 axb5 23. bxa3 Rxc2 24. Rf2 Rxf2 25. Bxf2 Kf8 26. Bb6 Ke8 27. Bxd8 Kxd8 28. Bb1 h6 29. Bd3 Bc6 30. Rb1 Nf6 31. Bxb5 Bd5 32. a4 Kc7 33. a5 Ng8 34. Be8 1-0

[Event "San Francisco Grey Memorial"]
[Site "San Francisco"]
[Date "2017.10.03"]
[Round "9"]
[White "Boldi, Nicholas Armen"]
[Black "Greene, Sam"]
[Result "0-1"]
[WhiteElo "1250"]
[BlackElo "1507"]
[PlyCount "82"]
[EventDate "2017.08.08"]
[EventType "swiss"]
[EventRounds "9"]
[EventCountry "USA"]
[SourceTitle "EXT 2023"]
[Source "ChessBase"]
[SourceDate "2022.10.05"]
[SourceVersion "1"]
[SourceVersionDate "2022.10.05"]
[SourceQuality "1"]

1. e4 c5 2. Nf3 d6 3. Nc3 Nf6 4. d4 cxd4 5. Nxd4 a6 6. a4 e5 7. Nf3 Be7 8. Be3 Ng4 9. Nd5 Nxe3 10. Nxe3 Be6 11. Nd5 Bxd5 12. Qxd5 Qb6 13. b3 Nd7 14. Bc4 0-0 15. 0-0 Nf6 16. Qd3 Rac8 17. h3 Nh5 18. Qe3 Qxe3 19. fxe3 Nf6 20. Bd3 Rc3 21. Rfe1 Rc7 22. Nd2 Nd7 23. Bc4 Nf6 24. Bd3 Rfc8 25. Rac1 d5 26. exd5 Nxd5 27. Bc4 Nc3 28. Nb1 Ne4 29. Bd3 Nf6 30. e4 Nh5 31. Bc4 Bh4 32. Re2 Ng3 33. Ree1 Nh5 34. Re2 Nf4 35. Re3 Bg5 36. Rd1 Nxg2 37. Rg3 Ne3 38. Rd2 Nxc4 39. Rdg2 Bf6 40. bxc4 Rxc4 41. Rf3 Kf8 0-1

[Event "San Francisco TNM Spring op"]
[Site "San Francisco"]
[Date "2016.05.03"]
[Round "8"]
[White "Greene, Sam"]
[Black "Robertson, Guy"]
[Result "0-1"]
[WhiteElo "1532"]
[BlackElo "1475"]
[PlyCount "43"]
[EventDate "2016.03.15"]
[EventType "swiss"]
[EventRounds "8"]
[EventCountry "USA"]
[SourceTitle "EXT 2018"]
[Source "ChessBase"]
[SourceDate "2017.10.13"]
[SourceVersion "1"]
[SourceVersionDate "2017.10.13"]
[SourceQuality "1"]

1. d4 Nf6 2. c4 d6 3. Nc3 g6 4. Bg5 Bg7 5. e4 0-0 6. Be2 e5 7. dxe5 dxe5 8. Qxd8 Rxd8 9. Nd5 Rxd5 10. cxd5 Nxe4 11. Be7 Nd7 12. f3 Nd6 13. Rc1 Nf5 14. Ba3 Ne3 15. Rxc7 Nxd5 16. Rc1 Nf4 17. Kf2 Nb6 18. Bd1 Nd3+ 19. Ke2 Nxc1+ 20. Kd2 Nxa2 21. Kc2 Nd5 22. Nh3 0-1